| 000 | 01379cam a2200205 4500500 | ||
|---|---|---|---|
| 005 | 20260208002221.0 | ||
| 041 | _afre | ||
| 042 | _adc | ||
| 100 | 1 | 0 |
_aSan Martin Zapatero, Évangelina _eauthor |
| 245 | 0 | 0 | _aRéflexions autour du lien entre les violences conjugales et l’occupation des espaces publics et privés |
| 260 | _c2017. | ||
| 500 | _a31 | ||
| 520 | _aLe lien entre les violences perpétrées dans la sphère publique et l’occupation des espaces est établi par certaines auteures. Qu’en est-il alors de la violence et de la peur qui se vit dans l’espace privé ? Quels sont leurs effets sur l’appropriation des espaces publics et privés ? Quelles sont les frontières territoriales érigées et qui marquent les espaces d’enfermement ? À partir d’un groupe de discussion, nous allons voir comment les violences conjugales réduisent les possibilités d’occupation et d’appropriation de l’espace public et privé, entraînant un processus de « de-sol-ation ». Cela constitue un élément à prendre en compte dans les modalités d’accompagnement. | ||
| 690 | _aespaces | ||
| 690 | _apatriarcat | ||
| 690 | _aspatialités | ||
| 690 | _aviolences conjugales | ||
| 786 | 0 | _nEmpan | 105 | 1 | 2017-03-16 | p. 120-125 | 1152-3336 | |
| 856 | 4 | 1 | _uhttps://shs.cairn.info/revue-empan-2017-1-page-120?lang=fr&redirect-ssocas=7080 |
| 999 |
_c1645861 _d1645861 |
||